000 00733nam a2200265Ia 4500
003 OSt
005 20221006160225.0
006 a|||||r|||| 00| 0
007 ta
008 221006b |||||||| |||| 00| 0 eng d
020 _a9788956602875
_cW13,000
024 _a44,660
037 _bGift, Window on Korea
_cTextual
040 _aEASL
_cEASL
_beng
041 _2eng
_aeng
082 _aU8.495, Q0
100 _aWeaver Ryan
_9672499
245 0 _aSeoul survivor
_b Living and working in South Korea
260 _aSeoul
_bEunhaeng Namu
_c2010
300 _a220p.
_ccm.
490 _v KEL
650 _aKEL
942 _hU8.495, Q0
_cTEXL
_2CC
999 _c1112752
_d1112752